| 000 | 00548cam a2200205 a 4500 | ||
|---|---|---|---|
| 999 |
_c1462 _d1462 |
||
| 001 | 15288 | ||
| 003 | BD-DhUAP | ||
| 005 | 20200208105622.0 | ||
| 008 | 200208s2010 ii 000 0 eng | ||
| 040 |
_aDLC _cDLC _dBD-DhUAP _bEng |
||
| 082 |
_223 _a346.54059 JHA |
||
| 100 | 1 | _aJhabvala, Noshirvan H. | |
| 245 | 1 | 0 |
_aThe elements of equity / _cNoshirvan H. Jhabvala. |
| 250 | _a17th ed. | ||
| 260 |
_aBombay : _bC. Jamnadas & co., _cc2010. |
||
| 300 |
_a151 pages ; _c22 cm. |
||
| 650 | _aEquity. | ||
| 700 | _aSingh, Indrajeet. | ||
| 942 |
_2ddc _cBK |
||